[Event "Biel"]
[Site "18 Interzonal"]
[Date "1985.07.22"]
[Round "15"]
[White "Short, Nigel"]
[Black "Torre, Eugenio"]
[Result "1-0"]
[WhiteElo "2575"]
[BlackElo "2535"]
[Annotator "JvR"]
[PlyCount "81"]
[EventDate "1985.07.??"]
[SourceDate "2013.10.27"]

{The standings had become: Torre and Vaganian 10/14, Seirawan, Sokolov and Van
der Wiel 91/2, Ljubojevic and Short 8, etc.} 1. e4 e5 2. Nf3 Nc6 3. Bb5 a6 4.
Ba4 Nf6 5. O-O Be7 6. Re1 b5 7. Bb3 d6 8. a4 Bg4 9. c3 O-O 10. d3 Na5 11. Bc2
b4 12. Nbd2 Rb8 $5 13. h3 Bh5 14. g4 Bg6 15. d4 bxc3 16. bxc3 exd4 17. Nxd4 $5
d5 $1 18. e5 $1 {He keeps the game going.} Ne4 $6 (18... Bxc2 19. Qxc2) 19.
Nxe4 dxe4 20. Bf4 ({Not} 20. Bxe4 Bxe4 21. Rxe4 c5 $1) 20... Bg5 $2 ({Better is
} 20... Bc5) 21. Bxg5 Qxg5 22. Bxe4 Bxe4 23. Rxe4 {White has gained a pawn.}
Rfd8 24. Qe2 Nb3 25. Nxb3 Rxb3 26. Qc4 Rb2 27. e6 $5 Qf6 28. exf7+ Qxf7 29.
Qxf7+ Kxf7 30. Rae1 $1 Rf8 31. Kf1 $1 Kg6 32. R1e2 Rxe2 33. Kxe2 {
He has an extra pawn in the rook ending.} Rf6 34. f4 Rc6 35. Kd3 h5 $5 36. Rc4
$1 Rd6+ 37. Ke4 $1 hxg4 38. hxg4 c6 39. Ke5 $1 Rd5+ 40. Ke6 Ra5 41. Kd6 $1 {
Short improved his position in the standings.} 1-0

[Event "Biel"]
[Site "18 Interzonal"]
[Date "1985.07.26"]
[Round "17"]
[White "Partos, Charles"]
[Black "Vaganian, Rafael"]
[Result "0-1"]
[WhiteElo "2425"]
[BlackElo "2625"]
[Annotator "JvR"]
[PlyCount "64"]
[EventDate "1985.07.??"]
[SourceDate "2013.10.27"]

{When the last round began, the standings had become: Vaganian 111/2/16,
Seirawan 11, Sokolov, Torre and Van der Wiel 101/2, Short 91/2, etc. Seirawan
and Sokolov played a quick draw and qualified.} 1. d4 Nf6 2. c4 g6 3. f3 c5 4.
dxc5 Qa5+ 5. Nc3 Qxc5 6. e4 Bg7 7. a3 $5 ({The alternative is} 7. Qd3) 7... d6
8. b4 Qb6 9. Na4 $5 Qc7 10. Be3 O-O 11. Rc1 Nbd7 12. Ne2 Nb6 13. Nxb6 axb6 14.
Qb3 Bd7 15. Nc3 Rfe8 16. b5 $6 {He weakens the queenside.} ({Better is} 16. Bd3
$1) 16... Be6 $1 17. Nd5 Bxd5 18. exd5 $2 ({Correct is} 18. cxd5 Qd8 19. Bc4)
18... Nd7 19. Be2 Nc5 20. Qa2 Ra4 21. Rc2 Rea8 22. Bc1 Bd4 23. h4 Nd7 24. Rh3
Nf6 25. Qb3 Qc5 26. f4 Ne4 27. Qf3 f5 28. g4 $4 (28. h5 $1 Kg7 29. hxg6 hxg6
30. Bf1 {combines counter and defence.}) 28... Nf2 $1 29. gxf5 Nxh3 30. fxg6
Rxa3 $1 31. Bxa3 Rxa3 32. gxh7+ Kh8 $1 {
Black has gained a piece and attacks. Vaganian qualified for Montpellier 1985.}
0-1

[Event "Biel"]
[Site "18 Interzonal"]
[Date "1985.07.26"]
[Round "17"]
[White "Sax, Gyula"]
[Black "Torre, Eugenio"]
[Result "1-0"]
[WhiteElo "2535"]
[BlackElo "2535"]
[Annotator "JvR"]
[PlyCount "85"]
[EventDate "1985.07.??"]
[SourceDate "2013.10.27"]

{Torre needs a draw.} 1. e4 e5 2. Nf3 Nc6 3. Bb5 Nf6 4. O-O Nxe4 5. d4 Nd6 6.
Bxc6 dxc6 7. dxe5 Nf5 8. Qxd8+ Kxd8 9. b3 h6 10. Bb2 Be6 11. Nbd2 a5 12. h3 $5
{They play the Berlin Defence.} c5 13. a4 Ke8 $1 14. Rad1 Rd8 15. Nc4 Rxd1 16.
Rxd1 Bxc4 17. bxc4 h5 18. Bc1 $1 {White keeps the initiative.} Be7 19. Bf4 g6
20. e6 $1 Bd6 $1 21. Ne5 fxe6 22. Nxg6 Rg8 23. Bxd6 Nxd6 $5 24. Nf4 Ke7 25. Re1
Nxc4 26. Nxe6 $5 Kd6 {A lot has been exchanged.} 27. f4 Rg3 $1 28. Kf2 Rc3 29.
Re2 Na3 30. f5 Rxc2 $1 31. g4 hxg4 32. hxg4 Rxe2+ 33. Kxe2 Nc4 $6 (33... Nc2 $1
34. g5 Nd4+ 35. Nxd4 cxd4 {draws.}) 34. g5 $1 Ne5 35. Nd8 $1 b5 $6 ({Better is
} 35... b6 $1 {(Sax)} 36. g6 Nd7 37. g7 Nf6 {and Black survives.}) 36. g6 Nd7
37. g7 Nf6 38. axb5 a4 39. Kd2 Ke5 $2 {He misses the last escape.} (39... a3 $1
40. Kc3 c4 41. Nf7+ Ke7 42. Nh6 Ke8 43. Kc2 Ke7 44. g8=Q Nxg8 45. Nxg8+ Kf7 {
draws.}) 40. Ne6 $1 Kxf5 41. Nxc7 Kg6 42. Ne8 Ne4+ 43. Kc2 {
Torre has to participate in the play-off.} 1-0

[Event "Biel"]
[Site "18 Interzonal"]
[Date "1985.07.26"]
[Round "17"]
[White "Short, Nigel"]
[Black "Van der Wiel, John"]
[Result "1-0"]
[WhiteElo "2575"]
[BlackElo "2520"]
[Annotator "JvR"]
[PlyCount "59"]
[EventDate "1985.07.??"]
[SourceDate "2013.10.27"]

{Van der Wiel needs a draw.} 1. e4 c5 2. Nf3 d6 3. d4 cxd4 4. Nxd4 Nf6 5. Nc3
a6 6. Be2 e6 7. O-O Be7 8. a4 O-O 9. Be3 Qc7 10. a5 Bd7 $5 ({Theory is} 10...
Nbd7) 11. f4 Bc6 $6 (11... Nc6 $1 12. Nb3 Rac8 {leads to a well-known position.
}) 12. Bf3 Re8 13. g4 d5 $1 {He counters in the centre.} 14. e5 $5 {
Short wants to attack.} Nfd7 15. Kh1 $5 Bb4 16. Bg2 Bxa5 17. f5 $5 Bxc3 $6 (
17... Nxe5 $1 18. fxe6 fxe6 19. Bf4 Nbd7 {defends forcefully.}) 18. bxc3 $5
exf5 $1 19. e6 $1 fxe6 20. gxf5 exf5 21. Nxf5 {White has sacrificed two pawns.}
Nf6 $2 (21... d4 $1 22. cxd4 Bxg2+ 23. Kxg2 Nf6 {avoids a disaster.}) 22. Bd4
Nbd7 23. Nxg7 $1 Re5 ({The pointe is} 23... Kxg7 24. Qg4+ Kh8 25. Rxf6) 24. Nf5
Rf8 ({Or} 24... Kh8 25. Nh6 Rf8 26. Bh3) 25. Qd2 Kh8 26. Qh6 Rf7 27. Rae1 Bb5 (
27... Rxe1 28. Rxe1 Qb8 29. Re6 {wins for White.}) 28. c4 $1 Bxc4 29. Rxe5 $1
Nxe5 30. Re1 {Short had achieved a great finish. The final standings became:
Vaganian 121/2/17, Seirawan 111/2, A.Sokolov 11, Short, Van der Wiel and Torre
101/2, Polugaevsky, Ljubojevic and Andersson 91/2, Am.Rodriguez and Sax 8,
Jansa and Quinteros 71/2, Petursson 7, Gutman 61/2, Li Zunian 6, Partos 4,
Martin Gonzales 31/2. Short, Van der Wiel and Torre had to carry out a playoff.
} 1-0

[Event "Biel"]
[Site "18 Playoff"]
[Date "1985.07.29"]
[Round "3"]
[White "Van der Wiel, John"]
[Black "Short, Nigel"]
[Result "1-0"]
[WhiteElo "2520"]
[BlackElo "2575"]
[Annotator "JvR"]
[PlyCount "65"]
[EventDate "1985.07.??"]
[SourceDate "2013.10.27"]

{Short, Van der Wiel and Torre carried out a playoff from 27 until 7 viii 1985
for one place in the candidates tournament.} 1. e4 e6 2. d4 d5 3. Nd2 Nf6 4. e5
Nfd7 5. c3 c5 6. Bd3 Nc6 7. Ne2 cxd4 8. cxd4 Qb6 9. Nf3 f6 10. exf6 Nxf6 11.
O-O Bd6 12. Nc3 O-O 13. Bg5 Bd7 14. Re1 Ng4 15. Bh4 Nh6 16. Bg3 Bxg3 $5 (16...
Be7 {drew in Keres - Bronstein, Moscow 1956.}) 17. hxg3 Rf6 $6 ({Preferable is
} 17... Nb4 $5) (17... Qxb2 $6 18. Na4 Qa3 19. Nc5 {
favours White (Van der Wiel).}) 18. Na4 Qc7 19. Rc1 Raf8 20. Nc5 a6 $2 ({
Right is} 20... Bc8 $1 21. Bb5 {(Van der Wiel)} Ng4) 21. Rc3 $1 Nf7 22. Qc2 g6
$5 23. Bxa6 $1 Rxf3 $5 ({Or} 23... bxa6 24. Nxd7 Qxd7 25. Rxc6) 24. gxf3 bxa6
25. Nxd7 Qxd7 26. Rxc6 {White has gained material.} Ng5 27. Re3 Nxf3+ 28. Rxf3
Rxf3 29. Rxa6 Kg7 30. Qe2 Rf6 31. Qe5 h6 32. Ra3 Kf7 33. Qb8 {
Van der Wiel and Short joined the lead after one cycle.} 1-0

[Event "Biel"]
[Site "18 Playoff"]
[Date "1985.08.01"]
[Round "5"]
[White "Torre, Eugenio"]
[Black "Short, Nigel"]
[Result "0-1"]
[WhiteElo "2535"]
[BlackElo "2575"]
[Annotator "JvR"]
[PlyCount "100"]
[EventDate "1985.07.??"]
[SourceDate "2013.10.27"]

1. d4 e6 2. Nf3 Nf6 3. c4 b6 4. g3 Ba6 5. b3 Bb7 6. Bg2 Bb4+ 7. Bd2 a5 8. O-O
O-O 9. Qc2 c5 $5 10. Rd1 Bxd2 11. Nbxd2 Nc6 12. Ne4 a4 13. Nd6 $1 {
Torre applies restriction.} Nxd4 14. Nxd4 Bxg2 15. Kxg2 cxd4 16. Qd2 axb3 17.
axb3 Rxa1 18. Rxa1 {White has no advantage.} e5 19. Qg5 Qb8 $1 20. Nf5 $1 (20.
Qxe5 $2 Ne8 21. Nxf7 Qb7+ 22. f3 Kxf7 $1 {favours Black.}) 20... Ne8 21. Qe7
Nf6 22. Nd6 Qc7 $5 {Short continues the game.} 23. b4 $5 Qc6+ 24. Kg1 $6 ({
Better is} 24. f3) 24... Ne4 $1 25. Nf5 g6 26. b5 $2 (26. f3 $1 Nc3 27. Nd6
Nxe2+ 28. Kg2 $1 d3 29. b5 $1 Qc5 30. Ra8 $1 Qg1+ 31. Kh3 Rxa8 32. Qxf7+ {
draws.}) 26... Qe6 27. Qxe6 fxe6 28. Nh6+ Kg7 29. Ng4 d6 30. f3 Nd2 $5 31. Ra4
$5 (31. c5 $1 dxc5 32. Nxe5 c4 33. Ra4 c3 34. Rxd4 Rf7 $1 {wins for Black.})
31... e4 $1 32. Kg2 h5 33. Nf2 exf3+ 34. exf3 Nxf3 35. Ra7+ Kh6 36. Rd7 Nd2 $1
37. h4 ({Not} 37. Rxd6 $2 Rxf2+ $1) 37... e5 38. Re7 Nxc4 39. Ne4 Ne3+ 40. Kh3
Nf5 41. Rd7 Rg8 42. Nxd6 Nxd6 43. Rxd6 Rc8 44. Kg2 Rc2+ 45. Kf3 Rc3+ 46. Kf2
Kg7 47. Rxb6 Rb3 $1 48. Rb8 Kf6 $1 49. b6 Kf5 50. Ke2 Kg4 {
Short took the lead during the second cycle.} 0-1

[Event "Biel"]
[Site "18 Playoff"]
[Date "1985.08.06"]
[Round "9"]
[White "Short, Nigel"]
[Black "Torre, Eugenio"]
[Result "1-0"]
[WhiteElo "2575"]
[BlackElo "2535"]
[Annotator "JvR"]
[PlyCount "117"]
[EventDate "1985.07.??"]
[SourceDate "2013.10.27"]

{Short had to win this game.} 1. e4 d6 2. d4 Nf6 3. Nc3 g6 4. Nf3 Bg7 5. h3 O-O
6. Be3 b6 7. Bc4 e6 8. O-O Bb7 9. d5 exd5 $5 ({The alternative is} 9... e5) 10.
exd5 a6 11. a4 Nbd7 12. Nd4 Re8 13. Ba2 Nc5 14. Nc6 $1 {
Short has the initiative.} Qd7 15. Qf3 Nfe4 16. Nxe4 Nxe4 17. c3 Nc5 18. a5 b5
$1 19. Rad1 Rf8 $6 ({More active is} 19... f5 $1) 20. b4 $1 Na4 21. Bd4 Nb2 22.
Bxg7 Kxg7 23. Rd4 Bxc6 $6 (23... Rae8 {occupies a file with a rook.}) 24. dxc6
Qe7 25. Rb1 Nc4 26. Bxc4 bxc4 27. Rxc4 {Short has gained a pawn.} Rfe8 28. Rd4
Rab8 29. Rd3 Qe4 $1 30. Rbd1 Qxf3 31. gxf3 $5 Kf6 32. Kg2 Re5 33. f4 Re4 34.
Rd4 Re2 35. R1d2 Re1 36. R2d3 Ke6 $2 (36... Rbe8 $1 {controls the open file.})
37. Kf3 Rb5 $5 38. Re3+ Rxe3+ 39. fxe3 f5 40. e4 fxe4+ 41. Rxe4+ Kf7 42. Re3
Rf5 43. Ke4 Ke7 44. Kd4+ Kd8 $5 45. Rf3 Kc8 $5 46. c4 Kd8 47. Ke4 Kc8 48. Rg3
Rh5 49. Rf3 Rf5 50. h4 Kd8 51. Rh3 Rh5 52. Rh1 Kc8 (52... Ke7 53. Rb1 $1 Kd8
54. Kf3 $1 Rxh4 55. b5 axb5 56. Kg3 Rh5 57. a6 {wins for White.}) 53. Kf3 $1
Kb8 54. Re1 $1 Rxh4 55. Re8+ Ka7 56. Rc8 g5 57. fxg5 Rxc4 58. Rxc7+ Kb8 59.
Rxh7 {Short had defeated Torre for the fourth time in this event. So, Nigel
took the lead during the third cycle.} 1-0

[Event "Biel"]
[Site "18 Playoff"]
[Date "1985.08.07"]
[Round "10"]
[White "Torre, Eugenio"]
[Black "Van der Wiel, John"]
[Result "1/2-1/2"]
[WhiteElo "2535"]
[BlackElo "2520"]
[Annotator "JvR"]
[PlyCount "133"]
[EventDate "1985.07.??"]
[SourceDate "2013.10.27"]

{This game started in round 8 on 5 viii 1985.} 1. e4 c5 2. Nf3 d6 3. d4 cxd4 4.
Nxd4 Nf6 5. Nc3 e6 6. Be2 Be7 7. O-O Nc6 8. f4 O-O 9. Kh1 Bd7 10. Nb3 a6 11. a4
e5 12. Be3 Nb4 13. a5 Bc6 14. Bf3 Re8 15. Rf2 exf4 $2 {
Van der Wiel blunders terribly.} (15... Bf8 {
was played in Matanovic - Suba, Moscow 1977.}) 16. Bb6 $1 Qc8 $5 17. Qd4 {
White has caught a knight.} Bf8 18. Rg1 $5 {He postpones the capture.} h6 19.
Qxb4 $5 ({Even better is} 19. h3 $1) 19... d5 $1 20. Qd4 dxe4 21. Bd1 $6 ({
Preferable is} 21. Be2 $1 Qf5 22. Qd1 $1) 21... Qf5 22. Qc4 Nd7 23. Be3 g5 $5
24. g3 $1 Qh3 $5 25. Bg4 $2 ({Best is} 25. Rxf4 $1 gxf4 $6 26. gxf4+ Bg7 27.
Qd4) 25... Ne5 $1 26. Bxh3 Nxc4 27. gxf4 Nxe3 28. fxg5 h5 {Black has a plus.}
29. Nd4 Ng4 30. Rf5 Bd7 31. Bxg4 hxg4 32. Rd5 Rad8 33. Rd1 e3 $1 34. Kg1 Bc8
35. Nde2 Rxd5 36. Nxd5 Bg7 37. Nf6+ Bxf6 38. gxf6 Bf5 $2 ({Right is} 38... Kh7
$1 39. Nf4 Re4 40. Ng2 Kg6 {and Black has winning chances (Van der Wiel).}) 39.
Nd4 Rd8 $5 40. c3 $1 Bg6 41. Re1 Re8 42. Kg2 Bd3 43. Kg3 Re4 44. Nf5 e2 45.
Nh6+ $1 Kh7 46. Nxg4 Re6 47. Kf4 Re4+ 48. Kf3 Re6 49. Kf4 Re4+ 50. Kf3 Re6 51.
Kf2 Kg6 52. Rg1 Kf5 53. Ke1 Bb5 54. Rg3 Re4 55. Ne3+ Kxf6 56. b3 Rh4 {
The game is adjourned. It is resumed on 7 viii 1985, 'round 10'.} 57. Rf3+ $1 {
Black cannot win.} Ke5 58. Rxf7 Ke4 59. Re7+ Kd3 60. Nf5 Rxh2 61. Re3+ Kc2 62.
Nd4+ Kb2 63. Nxb5 axb5 64. Re5 Kxc3 65. Rxb5 Kd3 66. Rd5+ Ke3 67. Re5+ {
The final standings became: Short and Van der Wiel 31/2, Torre 2. Short
qualified on the tie-break of the tournament.} 1/2-1/2

[Event "Biel"]
[Site "19"]
[Date "1986.07.21"]
[Round "2"]
[White "Lobron, Eric"]
[Black "Miles, Anthony"]
[Result "1-0"]
[WhiteElo "2515"]
[BlackElo "2570"]
[Annotator "JvR"]
[PlyCount "85"]
[EventDate "1986.07.20"]
[SourceDate "2013.10.27"]

{The nineteenth Schachfestival was played in Biel from 20 vii until 1 viii
1986. Kortschnoj was the main competitor. More than 800 peoples took part in
various groups.} 1. e4 c5 2. Nf3 d6 3. d4 cxd4 4. Nxd4 Nf6 5. Nc3 g6 6. Be3 Bg7
7. f3 O-O 8. Qd2 Nc6 9. Bc4 Bd7 10. h4 Rc8 11. Bb3 h5 12. O-O-O Ne5 13. Bg5 Nh7
14. Bh6 Bxh6 15. Qxh6 Rxc3 16. bxc3 Qc7 $5 {
Both sides charge thematically in the Dragon.} (16... Qa5 {
happened in Tal - Mista, Dubna 1973.}) 17. Kb1 $1 Nc4 $6 ({Preferable is} 17...
Qxc3 18. Ne2 Qc5) 18. g4 $1 {Lobron strikes.} hxg4 19. f4 Rc8 20. Rd3 $6 ({
Better is} 20. Bxc4 $1 Qxc4 21. h5 $1 g5 22. fxg5) 20... Qa5 21. h5 g5 22. e5
$5 dxe5 (22... gxf4 $2 23. e6 $1 fxe6 24. Nxe6 Qe5 25. Nxf4 Qg5 26. Qg6+ {
wins for White (Lobron).}) 23. Bxc4 Rxc4 24. Nb3 Qc7 25. fxg5 Bf5 26. g6 Nf6 $2
({Correct is} 26... Nf8 $1 27. Rd2 Rxc3 28. gxf7+ Kxf7 29. Qg5 Qc8) 27. Rd2 $1
Rxc3 28. Rhd1 $1 Bxc2+ 29. Rxc2 Rxc2 30. gxf7+ Kxf7 31. Qg6+ Ke6 32. Qxc2 Qxc2+
33. Kxc2 Nxh5 34. Kd2 Kf5 35. Ke3 g3 36. Nd2 Kg4 37. Nf3 g2 38. Kf2 Nf4 39.
Nxe5+ Kh3 40. Rd8 Kh2 41. Nf3+ Kh3 42. Ng1+ Kg4 43. Rd7 {
Lobron attacked successfully.} 1-0

[Event "Biel"]
[Site "19"]
[Date "1986.07.22"]
[Round "3"]
[White "Cebalo, Miso"]
[Black "Rogers, Ian"]
[Result "1-0"]
[WhiteElo "2475"]
[BlackElo "2515"]
[Annotator "JvR"]
[PlyCount "105"]
[EventDate "1986.07.20"]
[SourceDate "2013.10.27"]

1. d4 Nf6 2. Nf3 g6 3. c4 Bg7 4. Nc3 d5 5. Qa4+ c6 6. cxd5 Nxd5 7. e4 Nb6 8.
Qd1 O-O 9. Be2 Bg4 10. Be3 Bxf3 11. gxf3 f5 $5 ({Known is} 11... N8d7) 12. Qd2
Qd6 13. e5 Qb4 14. f4 {White has little advantage, despite the strong centre.}
e6 15. a3 Qe7 16. h4 h5 17. O-O-O Kh7 18. Qc2 Bh6 19. Kb1 N8d7 20. Qb3 Rfb8 21.
Rc1 Nf8 22. Rcg1 Rd8 23. Rh3 Rd7 24. Bf3 Rad8 25. Na4 Nxa4 26. Qxa4 a6 27. Qc4
Qe8 28. Qc5 Rg7 29. Qb4 Qe7 30. Qb3 Re8 31. Rc1 Qd8 32. Rhh1 Rd7 33. Ka2 Rde7
34. Rc4 Qd7 35. Rhc1 Rg7 36. Rb4 Ree7 37. Qc2 Qd8 38. Qb3 Rd7 39. Rh1 Qe7 40.
Qc2 Qd8 41. Qb3 Rc7 42. Rc4 Rce7 43. Rb4 Kg8 44. Rc1 Kh8 $4 (44... a5 $1 45.
Rbc4 Re8 {keeps on trucking.}) 45. Bxc6 $1 Rc7 ({The pointe is} 45... bxc6 46.
Rb8) 46. Rxb7 $1 Qxh4 47. Rxc7 Rxc7 48. Qb8 Rxc6 $5 49. Rxc6 Qh1 50. Rc5 h4 51.
Qd8 Kg8 52. d5 $1 exd5 53. e6 $1 {Suddenly, Cebalo could crush the defence.}
1-0

[Event "Biel"]
[Site "19"]
[Date "1986.07.23"]
[Round "4"]
[White "Klinger, Josef"]
[Black "Hort, Vlastimil"]
[Result "0-1"]
[WhiteElo "2430"]
[BlackElo "2545"]
[Annotator "JvR"]
[PlyCount "99"]
[EventDate "1986.07.20"]
[SourceDate "2013.10.27"]

1. e4 e5 2. Nf3 Nc6 3. Bb5 a6 4. Ba4 Nf6 5. O-O Be7 6. Re1 b5 7. Bb3 d6 8. a4
b4 9. a5 O-O 10. d4 Nxd4 $5 ({Theory is} 10... Bg4 {
(Vidmar - Blejkmans, Barmen 1905).}) 11. Nxd4 exd4 12. Qxd4 Rb8 13. Bg5 h6 14.
Bh4 Ng4 15. Bxe7 Qxe7 16. Nd2 Be6 17. Nc4 Rfd8 18. Red1 Qg5 19. f3 $6 Bxc4 20.
fxg4 ({Not} 20. Bxc4 $2 Ne3 $1) 20... Be6 $6 21. Bxe6 fxe6 22. Qc4 Qc5+ 23.
Qxc5 dxc5 {The chances are equal in the double rook ending.} 24. Kf2 Kf7 25.
Ke3 Ke7 26. b3 e5 27. Rd3 $5 Rd4 28. Rxd4 $6 exd4+ $6 29. Kd3 Rf8 30. Re1 Kd6
31. e5+ $5 Ke6 32. Re2 Rb8 33. Ke4 $6 {
Errors are made in the rook ending due to time pressure.} Rf8 $6 34. Kd3 Rb8
35. Ke4 $2 (35. Rf2 $1 Rb5 36. Rf8 $1 Rxa5 37. Rc8 {draws.}) 35... Rb5 $1 36.
Rf2 Rxa5 37. Rf8 Ra2 38. Re8+ Kd7 39. Rg8 Rxc2 40. Rxg7+ Ke6 $6 (40... Kc6 $1 {
wins for Black easily.}) 41. Rg6+ Ke7 42. Rxh6 c4 43. bxc4 b3 44. Rh3 $6 {
Klinger misses the best chance.} (44. Rh7+ $1 Ke6 $1 45. Rxc7 a5 $1 46. Rc6+
Kd7 47. Kd5 d3 $1 48. e6+ Ke7 49. Rc7+ Kf8 50. e7+ Kf7 {
leads to a hard win for Black.}) 44... b2 $1 45. Rb3 a5 46. Rb7 a4 47. Kd5 d3
48. e6 d2 49. Rxc7+ Kd8 50. e7+ {Vlastimil scored well.} ({Hort has noticed} 
50. e7+ Kxc7 51. e8=Q d1=Q+) 0-1

[Event "Biel"]
[Site "19"]
[Date "1986.07.25"]
[Round "5"]
[White "Kortschnoj, Viktor"]
[Black "Polugaevsky, Lev"]
[Result "1-0"]
[WhiteElo "2650"]
[BlackElo "2575"]
[Annotator "JvR"]
[PlyCount "81"]
[EventDate "1986.07.20"]
[SourceDate "2013.10.27"]

1. Nf3 c5 2. c4 Nf6 3. Nc3 e6 4. g3 b6 5. Bg2 Bb7 6. O-O d6 7. b3 Be7 8. d4
cxd4 9. Nxd4 Bxg2 10. Kxg2 Qc7 11. e4 a6 12. Bb2 Qb7 13. Re1 $5 O-O 14. Qe2 Rc8
15. f4 Nc6 16. Nxc6 Qxc6 17. Rac1 Qb7 18. a4 Nd7 19. Kh3 $5 {
White controls more teritory.} Nc5 20. b4 Nb3 $1 21. Rcd1 Qc7 ({Preferable is} 
21... Qc6 $1 22. Rd3 $1 Qxc4 23. Qd1 b5 24. Ree3 Qxb4 25. Na2 Qxa4 26. Qxb3 {
and White has a knight for three pawns.}) 22. Na2 $1 Qc6 23. f5 e5 $5 24. Nc3
Qxc4 25. Qg4 $5 f6 $5 26. Nd5 Bd8 27. Re3 Qc2 28. Bc3 Rc6 $2 ({Correct is} 
28... Ra7 29. Rdd3 Nd4) 29. Qh5 $1 {He threatens mate in one.} Kf8 30. Red3
Rac8 ({Or} 30... h6 31. Ne3 Qa2 32. Rxd6) 31. Ne3 Qa2 32. Qxh7 $1 Rxc3 (32...
Qe2 33. Rxd6 Rxd6 34. Rxd6 Be7 35. Ng4 $1 Rxc3 36. Rxb6 {also wins for White.})
33. Qh8+ Kf7 34. Rxc3 Rxc3 35. Qxd8 Qe2 $5 36. Qd7+ $1 Kg8 (36... Kf8 37. Qxd6+
Kg8 {(Dlugy)} 38. Qe6+ $1 Kh7 39. Qf7 $1 Nd4 40. Nd5 $1 Qxd1 41. Nxf6+ Kh6 42.
Qg6#) 37. Qe8+ Kh7 38. Rxd6 Rc8 39. Qg6+ Kh8 40. Rd7 Rg8 41. Ng4 {
Kortschnoj is going to mate Polugaevsky.} 1-0

[Event "Biel"]
[Site "19"]
[Date "1986.07.26"]
[Round "6"]
[White "Cebalo, Miso"]
[Black "Kortschnoj, Viktor"]
[Result "1-0"]
[WhiteElo "2475"]
[BlackElo "2650"]
[Annotator "JvR"]
[PlyCount "107"]
[EventDate "1986.07.20"]
[SourceDate "2013.10.27"]

1. Nf3 Nf6 2. c4 e6 3. d4 Bb4+ 4. Nbd2 O-O 5. a3 Bxd2+ 6. Bxd2 Ne4 7. Be3 d5 8.
Rc1 $5 ({The alternative is} 8. Qc2) 8... dxc4 9. Rxc4 Qd5 10. Qc2 Bd7 $5 11.
g3 $6 ({Preferable is} 11. Ng5 $5 Nxg5 12. Rc5 Qd6 13. Bxg5) 11... Bb5 12. Rb4
Bc6 $6 (12... Nf6 {gains a plus.}) 13. Bg2 Na6 $6 ({Better is} 13... Qf5) 14.
Rc4 $1 Bb5 $2 (14... Qa5+ $5 15. b4 $1 Qxa3 16. Rxc6 bxc6 17. Qxe4 Qc3+ 18. Kf1
Nxb4 {offers more resistance.}) 15. Nd2 $1 f5 16. Rc3 $1 Nxc3 17. Bxd5 Nxd5 {
White has a decisive material advantage.} 18. Qb3 Bc6 19. f3 Rae8 20. Nc4 b6
21. Ne5 Bb7 22. O-O Nb8 23. Rc1 Rc8 24. Bd2 Rfe8 25. Kf2 h6 26. h3 Rf8 27. g4
f4 28. h4 c6 29. Bb4 Rfd8 30. g5 hxg5 31. hxg5 Nd7 32. Bd6 Nxe5 33. Bxe5 Rf8
34. Rh1 Rf5 35. g6 $1 Rg5 36. Qd3 Rf8 37. Rh7 Nf6 38. Rh4 Nd5 39. Qe4 Rff5 40.
Bxg7 Rxg6 41. Bh6 Rgf6 42. Bg5 Rxg5 43. Qh7+ Kf8 44. Qxb7 Rfg6 45. Qxa7 Rg1 46.
Rh8+ Rg8 47. Rxg8+ Rxg8 48. Qd7 Rg6 49. Ke1 Ne7 50. Qd8+ Kf7 51. Qxb6 Rg5 52.
Qc7 Rf5 53. a4 Ke8 54. a5 {
Kortschnoj fought each round. He won four, drew two and lost five games.} 1-0

[Event "Biel"]
[Site "19"]
[Date "1986.07.26"]
[Round "6"]
[White "Hug, Werner"]
[Black "Lobron, Eric"]
[Result "0-1"]
[WhiteElo "2455"]
[BlackElo "2515"]
[Annotator "JvR"]
[PlyCount "106"]
[EventDate "1986.07.20"]
[SourceDate "2013.10.27"]

1. Nf3 Nf6 2. g3 c5 3. Bg2 Nc6 4. O-O e6 5. d3 Be7 6. e4 d6 7. Re1 O-O 8. Nbd2
Bd7 9. a4 Rc8 $5 10. Nc4 Ng4 11. Nfd2 e5 12. h3 Nf6 13. Ne3 g6 $5 14. Ndc4 Be6
15. c3 Qd7 16. Kh2 Nh5 17. Nd5 Bd8 18. Bh6 Ng7 19. Qd2 Bxd5 20. exd5 Na5 21.
Nxa5 Bxa5 22. Re2 Rfe8 23. Qc2 Nf5 24. Bd2 Kg7 25. Qb3 a6 26. Rae1 h5 27. Be4
Nh6 28. Bg2 Ng8 29. f4 exf4 30. Bxf4 Rxe2 31. Rxe2 Nf6 32. Qd1 Re8 33. Rxe8
Nxe8 34. d4 c4 35. Bf1 b5 36. axb5 axb5 37. Qe2 Nf6 38. Bg2 Bd8 39. Qe3 Kh7 40.
Qe2 Be7 41. Bf3 {The chances are equal.} Qd8 $6 42. b3 $1 {
White takes the initiative.} Qc7 43. bxc4 bxc4 44. Qa2 Kg7 45. Qa6 Qb8 $1 46.
Qxc4 Qb2+ 47. Kg1 Qc2 48. Qb4 $5 h4 49. gxh4 $4 ({Correct is} 49. c4 hxg3 50.
Bxg3) 49... Qf5 $1 50. Bxd6 Bxd6 51. Qxd6 Qxf3 52. Qe5 Qxc3 53. d6 Qxh3 {
Black has gained a piece.} 0-1

[Event "Biel"]
[Site "19"]
[Date "1986.07.26"]
[Round "6"]
[White "Polugaevsky, Lev"]
[Black "Nunn, John"]
[Result "1-0"]
[WhiteElo "2575"]
[BlackElo "2590"]
[Annotator "JvR"]
[PlyCount "97"]
[EventDate "1986.07.20"]
[SourceDate "2013.10.27"]

1. d4 Nf6 2. c4 e5 3. dxe5 Ng4 4. Nf3 Nc6 5. Bg5 Be7 6. Bxe7 Qxe7 7. Nc3 O-O $5
8. Nd5 Qd8 9. e3 Ngxe5 10. Nxe5 Nxe5 11. Be2 d6 12. O-O c6 $5 {
Black has to weaken his pawn structure, if he wants to control the centre.} 13.
Nc3 Be6 14. b3 Qa5 $5 15. Qd2 $5 Rad8 16. f4 $1 Bg4 $5 ({Preferable is} 16...
Ng4 $1 17. Bxg4 Bxg4) 17. Bd1 $1 ({Not} 17. fxe5 $2 Bxe2 $1) 17... Bxd1 18.
Raxd1 Ng4 19. h3 Nh6 $1 20. e4 f5 21. Rfe1 Rfe8 22. Kh2 fxe4 23. Rxe4 Rxe4 24.
Nxe4 Qh5 $6 ({Better is} 24... Qxd2 $1 25. Rxd2 Nf7 {(Polugaevsky).}) 25. Ng5
Nf7 26. Nf3 d5 $2 {Nunn loses his patience.} ({Polugaevsky prefers the quiet} 
26... Qf5 27. Qe3 a6) 27. Qe3 Qf5 28. cxd5 cxd5 29. g4 Qc2+ 30. Rd2 Qc7 (30...
Qe4 31. Qxe4 dxe4 32. Rxd8+ Nxd8 33. Nd4 {
seems to lead to a lost knight ending for Black.}) 31. Rxd5 $1 {
White has gained a pawn.} Rf8 32. Kg3 Nd8 33. Qe5 Qc8 34. Qe7 Qc1 35. Rf5 $1
Nf7 36. Qxb7 g6 37. Rf6 Qb2 38. Qe7 Qxa2 39. Qe6 $1 Qa1 40. h4 Kg7 41. g5 a5
42. f5 $1 gxf5 43. h5 Qc3 44. Rxf5 Qc7+ 45. Kh3 Qc3 46. h6+ Kg8 47. g6 hxg6 48.
Qxg6+ Kh8 49. Rxf7 {Polugaevsky played a fine positional game.} 1-0